000 00274nam a22001097a 4500
008 170111b xxu||||| |||| 00| 0 eng d
020 _a2901416066674
041 _aeng
080 _26TH
_a618.2
245 _aPSYCHIATRIC MENTAL HEALTH NURSING
_cVARCAROLIS, E.M
942 _2udc
_cBK
999 _c2726
_d2726